Billy Joel Lyrics Quiz (Part 82) - Statistics

General Stats
  • This quiz has been taken 27 times
  • The average score is 170 of 271
Answer Stats
Answer % Correct
100%
the
95%
a
90%
And
85%
and
85%
He
85%
he
85%
in
85%
is
85%
They
85%
It’s
80%
it’s
80%
on
80%
so
80%
So
80%
then
80%
to
80%
you
80%
be
75%
my
75%
for
70%
I’m
70%
of
70%
that
70%
Are
65%
life
65%
Life
65%
Now
65%
now
65%
Some
65%
take
65%
time
65%
had
60%
have
60%
his
60%
Say
60%
while
60%
will
60%
won’t
60%
Any
55%
find
55%
forever
55%
Forever
55%
gone
55%
goodbye
55%
him
55%
Hollywood
55%
just
55%
out
55%
right
55%
takin’
55%
with
55%
again
50%
anymore
50%
baby
50%
care
50%
chance
50%
down
50%
friends
50%
new
50%
try
50%
back
45%
door
45%
got
45%
last
45%
line
45%
many
45%
sitting
45%
stay
45%
things
45%
together
45%
word
45%
Boulevard
40%
drivin’
40%
faces
40%
goodbyes
40%
gun
40%
hellos
40%
hot
40%
Movin’
40%
series
40%
style
40%
tonight
40%
Whoa
40%
afraid
35%
fast
35%
Johnny’s
35%
lights
35%
machine
35%
scene
35%
Sunset
35%
through
35%
Through
35%
troubadours
35%
city
30%
heavy
30%
lovers
30%
rent-a-car
25%
Bobby’s
20%
joins
15%
No matching quizzes found
Score Distribution
Percent of People with Each Score
Percentile by Number Answered
Your Score History
You have not taken this quiz